<?xml version="1.0" encoding="UTF-8"?>
<record
    xmlns:xsi="http://www.w3.org/2001/XMLSchema-instance"
    xsi:schemaLocation="http://www.loc.gov/MARC21/slim http://www.loc.gov/standards/marcxml/schema/MARC21slim.xsd"
    xmlns="http://www.loc.gov/MARC21/slim">

  <leader>01134nac a22002291u 4500</leader>
  <controlfield tag="008">100810s19??    ua|||||r|||| 001 0dara d</controlfield>
  <datafield tag="082" ind1=" " ind2=" ">
    <subfield code="a">621.3</subfield>
    <subfield code="b">&#x62C; &#x631; &#x627;</subfield>
  </datafield>
  <datafield tag="100" ind1=" " ind2=" ">
    <subfield code="a">&#x62C;&#x631;&#x627;&#x641;&#x60C;&#x647;&#x627;&#x64A;&#x646;&#x632;</subfield>
    <subfield code="9">17375</subfield>
  </datafield>
  <datafield tag="245" ind1=" " ind2=" ">
    <subfield code="a">&#x60C;&#x62C; 2 &#x623;&#x633;&#x627;&#x633;&#x64A;&#x627;&#x62A; &#x627;&#x644;&#x647;&#x646;&#x62F;&#x633;&#x629; &#x627;&#x644;&#x643;&#x647;&#x631;&#x628;&#x627;&#x626;&#x64A;&#x629;/</subfield>
    <subfield code="c">&#x62A;&#x623;&#x644;&#x64A;&#x641; &#x647;&#x627;&#x64A;&#x646;&#x632; &#x62C;&#x631;&#x627;&#x641;&#x61B;&#x62A;&#x631;&#x62C;&#x645;&#x629; &#x623;&#x62D;&#x645;&#x62F; &#x645;&#x62E;&#x62A;&#x627;&#x631; &#x634;&#x627;&#x641;&#x639;&#x64A;&#x60C;&#x625;&#x628;&#x631;&#x627;&#x647;&#x64A;&#x645; &#x64A;&#x639;&#x642;&#x648;&#x628; &#x645;&#x637;&#x631;</subfield>
  </datafield>
  <datafield tag="260" ind1=" " ind2=" ">
    <subfield code="a">&#x627;&#x644;&#x642;&#x627;&#x647;&#x631;&#x629;:</subfield>
    <subfield code="b">&#x645;&#x624;&#x633;&#x633;&#x629; &#x627;&#x644;&#x623;&#x647;&#x631;&#x627;&#x645;&#x60C;</subfield>
    <subfield code="c">[19??]</subfield>
  </datafield>
  <datafield tag="300" ind1=" " ind2=" ">
    <subfield code="a">250 &#x635;:</subfield>
    <subfield code="c">18 cm.</subfield>
    <subfield code="b">&#x627;&#x64A;&#x636;&#x60C;</subfield>
  </datafield>
  <datafield tag="490" ind1=" " ind2=" ">
    <subfield code="9">17331</subfield>
    <subfield code="a">&#x627;&#x644;&#x623;&#x633;&#x633; &#x627;&#x644;&#x62A;&#x643;&#x646;&#x648;&#x644;&#x648;&#x62C;&#x64A;&#x629;</subfield>
  </datafield>
  <datafield tag="504" ind1=" " ind2=" ">
    <subfield code="a">&#x64A;&#x634;&#x62A;&#x645;&#x644; &#x639;&#x644;&#x649; &#x628;&#x628;&#x644;&#x64A;&#x648;&#x62C;&#x631;&#x627;&#x641;&#x64A;&#x629; &#x635;344-350</subfield>
  </datafield>
  <datafield tag="541" ind1=" " ind2=" ">
    <subfield code="c">&#x634;&#x631;&#x627;&#x621;&#x61B;</subfield>
  </datafield>
  <datafield tag="650" ind1=" " ind2=" ">
    <subfield code="a">&#x627;&#x644;&#x647;&#x646;&#x62F;&#x633;&#x629; &#x627;&#x644;&#x643;&#x647;&#x631;&#x628;&#x627;&#x626;&#x64A;&#x629;</subfield>
    <subfield code="9">17292</subfield>
  </datafield>
  <datafield tag="650" ind1=" " ind2=" ">
    <subfield code="a">&#x627;&#x644;&#x622;&#x644;&#x627;&#x62A; &#x627;&#x644;&#x643;&#x647;&#x631;&#x628;&#x627;&#x626;&#x64A;&#x629;</subfield>
    <subfield code="9">17379</subfield>
  </datafield>
  <datafield tag="700" ind1=" " ind2=" ">
    <subfield code="a">&#x634;&#x627;&#x641;&#x639;&#x64A;&#x60C;&#x623;&#x62D;&#x645;&#x62F; &#x645;&#x62E;&#x62A;&#x627;&#x631;</subfield>
    <subfield code="9">17376</subfield>
  </datafield>
  <datafield tag="700" ind1=" " ind2=" ">
    <subfield code="a">&#x645;&#x637;&#x631;&#x60C;&#x625;&#x628;&#x631;&#x627;&#x647;&#x64A;&#x645; &#x64A;&#x639;&#x642;&#x648;&#x628;</subfield>
    <subfield code="9">17377</subfield>
  </datafield>
  <datafield tag="700" ind1=" " ind2=" ">
    <subfield code="a">Abd El Wahed,Anwar Mahmoud</subfield>
    <subfield code="9">17381</subfield>
  </datafield>
  <datafield tag="942" ind1=" " ind2=" ">
    <subfield code="c">BB</subfield>
    <subfield code="k">621.3&#x62C; &#x631; &#x627;</subfield>
    <subfield code="2">ddc</subfield>
  </datafield>
  <datafield tag="999" ind1=" " ind2=" ">
    <subfield code="c">6330</subfield>
    <subfield code="d">6330</subfield>
  </datafield>
  <datafield tag="952" ind1=" " ind2=" ">
    <subfield code="0">0</subfield>
    <subfield code="1">0</subfield>
    <subfield code="2">ddc</subfield>
    <subfield code="4">0</subfield>
    <subfield code="7">0</subfield>
    <subfield code="8"> </subfield>
    <subfield code="a">MAIN</subfield>
    <subfield code="b">MAIN</subfield>
    <subfield code="c">1ST</subfield>
    <subfield code="d">2011-01-17</subfield>
    <subfield code="e">purchase</subfield>
    <subfield code="o">621.3 &#x62C; &#x631; &#x627;</subfield>
    <subfield code="p">000007759</subfield>
    <subfield code="r">2025-07-15 00:00:00</subfield>
    <subfield code="y">BB</subfield>
    <subfield code="z">&#x62C; 2</subfield>
  </datafield>
</record>
